| 000 | 01246cam a2200337 4500 | ||
|---|---|---|---|
| 001 | WS114245 | ||
| 008 | 010822n 000 0 eng u | ||
| 035 | _a(Sirsi) u114245 | ||
| 245 | _aIT Construction Best Practice | ||
| 520 | _aWeb site describing itself as 'a one-stop sources of information and guidance on the benefits of effective IT use for the construction industry' set up under the Construction Best Practice Programme. Includes case studies, guidance on how to apply IT, industry news and events. | ||
| 650 | _aKNOWLEDGE MANAGEMENT | ||
| 650 | _aCONSTRUCTION INDUSTRY | ||
| 650 | _aMANAGEMENT-BUSINESS MANAGEMENT-INFORMATION MANAGEMENT | ||
| 650 | _aLOCAL AREA NETWORKS | ||
| 650 | _aLANS | ||
| 650 | _aWANS | ||
| 650 | _aINTEGRATED PROJECT DATABASES | ||
| 650 | _aCAD | ||
| 650 | _aCOMPUTER AIDED DESIGN | ||
| 650 | _aESTIMATING | ||
| 650 |
_aHEALTH AND SAFETY _96244 |
||
| 650 | _aDATA PROTECTION ACT 1998 | ||
| 650 | _aDISCUSSION FORUM | ||
| 650 | _aPROJECTS | ||
| 650 | _aDESIGN | ||
| 650 | _aBEST PRACTICE | ||
| 650 | _aCONSTRUCTION BEST PRACTICE PROGRAMME | ||
| 690 | _aBUILT ENVIRONMENT | ||
| 856 | 4 | 0 |
_uhttps://www.itcbp.org.uk _zView the website free of charge at www.itcbp.org.uk... |
| 942 | _n0 | ||
| 999 |
_c119851 _d119851 |
||